Geografía física e geologia /

Guardado en:
Autor Principal: Enriques, Paolo.
Formato: Libro
Idioma:Italian
Publicado: Zanichelli, 1912.
Etiquetas: Agregar Etiqueta
Sin Etiquetas, Sea el primero en etiquetar este registro!
LEADER 00418nam a22001455a 4500
001 EUN.um047713
003 AR-BaUNS
005 20050623122916.0
008 041125s1912####it#a##########000#0#ita#d
245 1 0 |a Geografía física e geologia /  |c Paolo Enriques. 
260 |b Zanichelli,  |c 1912. 
300 |a 245 p. :  |b ilus. ;  |c 23 cm. 
100 1 |a Enriques, Paolo. 
082 0 4 |a 910 
859 |a Ar-BaUNS  |b BIB. CENTRAL - Sector C  |h 910  |i En72  |p 61/956